LDR 00823naa#a2200181#i#450# 001 EN\INFRA-M\bibl\122258 005 20260703113158.5 011 ## _a2500-3305 100 ## _a20260227b2026####ek#y0engy0150####ca 102 ## _aRU 200 1# _aThe relationship between speech and thinking 
in the process of developing the language ability 
of preschoolers _eJournal article 210 1# _aMoscow _cINFRA-M Academic Publishing LLC. _d2026 215 ## _a5 с. 608 ## _aJournal article _2local 675 ## _aСодержание и форма деятельности в дошкольном воспитании и начальном обучении. Учебные предметы всех стадий обучения и типов школ. 372 _z 700 #1 _aUshakova _gOksana Semenovna 700 #1 _aYashina _gV. I. 856 4# _anaukaru.ru _u